000 02117cam a22005054a 4500
001 muse84108
003 MdBmJHUP
005 20210127151720.0
006 m o d
007 cr||||||||nn|n
008 200522r20201994gau o 00 0 eng d
020 _a9781951498511
020 _z9781951498528
035 _a(OCoLC)1155485887
040 _aMdBmJHUP
_cMdBmJHUP
050 4 _aBS1375.3
_b.S44 1994eb vol. 2
082 0 _a296.1/25
_220
100 1 _aSegal, Eliezer,
_eauthor.
245 1 4 _aVol. 2 The Babylonian Esther Midrash: A Critical Commentary
_nVolume 2,
_pTo the beginning of Esther chapter 5 /
_cby Eliezer Segal.
_pTo the beginning of Esther chapter 5 /
_nVolume 2,
300 _a1 online resource (1 online resource 1 EPUB unpaged.)
490 0 _aBrown Judaic studies ;
_vnumber 292
500 _aIssued as part of book collections on Project MUSE.
500 _a"The present volume and its successors consist of a translation and critical commentary to folios 10b-17a of the Babylonian Talmud Tractate Megillah"--Introd., v. 1.
504 _aIncludes bibliographical references and indexes.
506 0 _aOpen Access
_fUnrestricted online access
_2star
588 _aDescription based on print version record.
630 0 0 _aBible.
_pEsther
_vCommentaries.
630 0 0 _aTalmud.
_pMegillah I, 10b-17a
_xCriticism, Redaction.
630 0 0 _aMidrash
_xHistory and criticism.
655 0 _aElectronic books.
_2local
655 0 _aElectronic books.
655 7 _aElectronic books.
_2local
710 2 _aProject Muse.
_edistributor
710 2 _aProject Muse,
_edistributor.
730 0 2 _aTalmud.
_pMegillah I, 10b-17a.
_lEnglish.
776 1 8 _iPrint version:
_w(DLC) 94025966
_z9781951498528
710 2 _aProject Muse.
_edistributor
830 0 _aBook collections on Project MUSE.
830 0 _aBrown Judaic studies ;
_vno. 291-293.
830 0 _aBook collections on Project MUSE.
856 4 0 _zFull text available:
_uhttps://muse.jhu.edu/book/75473/
999 _c26765
_d26765